<?xml version="1.0" encoding="UTF-8"?><?xml-stylesheet type="text/xsl" href="static/style.xsl"?><OAI-PMH xmlns="http://www.openarchives.org/OAI/2.0/" xmlns:xsi="http://www.w3.org/2001/XMLSchema-instance" xsi:schemaLocation="http://www.openarchives.org/OAI/2.0/ http://www.openarchives.org/OAI/2.0/OAI-PMH.xsd"><responseDate>2026-04-14T05:28:04Z</responseDate><request verb="GetRecord" identifier="oai:www.recercat.cat:10256/27684" metadataPrefix="marc">https://recercat.cat/oai/request</request><GetRecord><record><header><identifier>oai:recercat.cat:10256/27684</identifier><datestamp>2025-11-14T23:34:23Z</datestamp><setSpec>com_2072_452955</setSpec><setSpec>com_2072_2054</setSpec><setSpec>col_2072_453077</setSpec></header><metadata><record xmlns="http://www.loc.gov/MARC21/slim" xmlns:dcterms="http://purl.org/dc/terms/" xmlns:xsi="http://www.w3.org/2001/XMLSchema-instance" xmlns:doc="http://www.lyncode.com/xoai" xsi:schemaLocation="http://www.loc.gov/MARC21/slim http://www.loc.gov/standards/marcxml/schema/MARC21slim.xsd">
   <leader>00925njm 22002777a 4500</leader>
   <datafield ind2=" " ind1=" " tag="042">
      <subfield code="a">dc</subfield>
   </datafield>
   <datafield ind2=" " ind1=" " tag="720">
      <subfield code="a">Comalada i Pla, Francesc</subfield>
      <subfield code="e">author</subfield>
   </datafield>
   <datafield ind2=" " ind1=" " tag="720">
      <subfield code="a">Acuña i Salazar, Vicenç</subfield>
      <subfield code="e">author</subfield>
   </datafield>
   <datafield ind2=" " ind1=" " tag="720">
      <subfield code="a">Garcia Acosta, Xavier</subfield>
      <subfield code="e">author</subfield>
   </datafield>
   <datafield ind2=" " ind1=" " tag="260">
      <subfield code="c">2025-11</subfield>
   </datafield>
   <datafield ind2=" " ind1=" " tag="520">
      <subfield code="a">Cultural Ecosystem Services (CES) are essential for human well-being, particularly those provided by river landscapes. Yet, CES remains overlooked in river conservation strategies due to its intangible nature and the methodological challenges involved in their assessment. This study introduces a novel AI-based framework that integrates deep learning for image recognition and machine learning for modelling to assess CES across river landscapes at regional scale. ResNet-152 convolutional neural network was fine-tuned to classify 6911 Flickr images into CES categories. The classified photos were then linked to biophysical variables using an XGBoost model, enabling interpretable predictions of biophysical CES drivers across heterogeneous landscapes. Residual analysis of population-based predictions revealed spatial clusters of “added CES value,” highlighting cultural benefits not explained by demographic factors alone.&#xd;
This integrated approach goes beyond previous CES assessments by combining automated image classification, large-scale spatial mapping of CES, and interpretable modelling of biophysical variables, allowing the cost-effective identification of under-recognized CES hotspots. Findings highlight the value of quotidian urban rivers and protected areas as key CES hotspots. The framework is transferable, reproducible, and openly available, thereby bridging AI methods and conservation planning</subfield>
   </datafield>
   <datafield ind2=" " ind1=" " tag="520">
      <subfield code="a">This research was funded by the European Union Horizon 2020 project MERLIN (H2020-LC-GD-2020-3: 101036337). Authors acknowledge the support from the Economy and Knowledge Department of the Catalan Government through Consolidated Research Groups (ICRA-ENV 2021 SGR 01282), as well as from the CERCA program. F. Comalada acknowledges funding from the Department of Research and Universities of the Generalitat de Catalunya and the European Social Fund for her FI fellowship (2024 FI-1 00133). Open Access funding provided thanks to the CRUE-CSIC agreement with Elsevier</subfield>
   </datafield>
   <datafield ind2=" " ind1=" " tag="520">
      <subfield code="a">13</subfield>
   </datafield>
   <datafield ind1="8" ind2=" " tag="024">
      <subfield code="a">http://hdl.handle.net/10256/27684</subfield>
   </datafield>
   <datafield tag="653" ind2=" " ind1=" ">
      <subfield code="a">Cursos d'aigua -- Conservació</subfield>
   </datafield>
   <datafield tag="653" ind2=" " ind1=" ">
      <subfield code="a">Stream conservation</subfield>
   </datafield>
   <datafield tag="653" ind2=" " ind1=" ">
      <subfield code="a">Ecologia fluvial</subfield>
   </datafield>
   <datafield tag="653" ind2=" " ind1=" ">
      <subfield code="a">Stream ecology</subfield>
   </datafield>
   <datafield tag="653" ind2=" " ind1=" ">
      <subfield code="a">Aprenentatge profund</subfield>
   </datafield>
   <datafield tag="653" ind2=" " ind1=" ">
      <subfield code="a">Deep learning</subfield>
   </datafield>
   <datafield ind2="0" ind1="0" tag="245">
      <subfield code="a">Modelling cultural ecosystem services of river landscapes in the Iberian Peninsula with deep learning and social media images</subfield>
   </datafield>
</record></metadata></record></GetRecord></OAI-PMH>